Zoznam smerníc Európskych spoločenstiev -Európskej únie-, ktoré upravujú problematiku poistenia

Základným nástrojom celoeurópskej integrácie je harmonizácia právnych predpisov zúčastnených štátov. Tento proces predvída aj asociačná dohoda uzatvorená medzi SR a EÚ. Základnou podmienkou transformácie slovenského poisťovníctva bude dôkladná znalosť smerníc Komisie ES, ktoré upravujú problematiku...

Descrizione completa

Salvato in:
Dettagli Bibliografici
Autore principale: Fekete, Imrich
Natura: Capitolo di libro
Lingua:slovacco
Soggetti:
Tags: Aggiungi Tag
Nessun Tag, puoi essere il primo ad aggiungerne!!

MARC

LEADER 00000naa a2200000 4500
001 r022270
005 20221213100313.0
041 0 |a slo 
044 |a SK 
245 1 0 |a Zoznam smerníc Európskych spoločenstiev -Európskej únie-, ktoré upravujú problematiku poistenia  |c Imrich Fekete 
520 |a Základným nástrojom celoeurópskej integrácie je harmonizácia právnych predpisov zúčastnených štátov. Tento proces predvída aj asociačná dohoda uzatvorená medzi SR a EÚ. Základnou podmienkou transformácie slovenského poisťovníctva bude dôkladná znalosť smerníc Komisie ES, ktoré upravujú problematiku poistenia. Úplný zoznam týchto smerníc zoradený podľa tematických okruhov. 
610 2 0 |a poistenie 
610 2 0 |a smernice 
610 2 0 |a Európska únia 
610 2 0 |a Európske spoločenstvá 
610 2 0 |a Slovensko 
610 2 0 |a dohody asociačné 
610 2 0 |a predpisy právne 
100 1 |a Fekete, Imrich